[Event "Int.Vellmar 9th op B"]
[Site "Vellmar"]
[Date "2017.07.15"]
[Round "5.2"]
[White "John, Volkmar"]
[Black "Davidov, Georgi"]
[Result "0-1"]
[WhiteElo "1838"]
[BlackElo "1872"]
[PlyCount "64"]
[EventDate "2017.07.13"]
[EventType "swiss"]
[EventRounds "7"]
[EventCountry "GER"]

1. c4 e6 2. Nc3 d5 3. e3 c5 4. Nf3 Nc6 5. d4 Nf6 6. Be2 Be7 7. dxc5 Bxc5 8. O-O
O-O 9. b3 b6 10. cxd5 exd5 11. Bb2 Be6 12. Rc1 Qe7 13. Bb5 Rac8 14. Qe2 Bg4 15.
h3 Bh5 16. Qd1 d4 17. exd4 Nxd4 18. Be2 Rcd8 19. Nxd4 Rxd4 20. Qe1 Bxe2 21.
Qxe2 Qxe2 22. Nxe2 Rd2 23. Bxf6 Rxe2 24. Bh4 Rxa2 25. Ra1 Rxa1 26. Rxa1 a5 27.
Kf1 Re8 28. f3 f6 29. Bf2 Bxf2 30. Kxf2 Rc8 31. Ra2 Kf7 32. Ke3 Rc3+ 0-1

[Event "Int.Vellmar 9th op B"]
[Site "Vellmar"]
[Date "2017.07.15"]
[Round "5.3"]
[White "Lange, Martin"]
[Black "Wagner, Andreas"]
[Result "1-0"]
[WhiteElo "1853"]
[BlackElo "1770"]
[PlyCount "109"]
[EventDate "2017.07.13"]
[EventType "swiss"]
[EventRounds "7"]
[EventCountry "GER"]

1. e4 e5 2. Nf3 Nc6 3. Bb5 f5 4. Bxc6 bxc6 5. O-O d6 6. d3 Be7 7. Nc3 Nf6 8.
Re1 O-O 9. d4 Nxe4 10. dxe5 d5 11. Qd3 Bc5 12. Be3 Bxe3 13. Qxe3 f4 14. Qd4 Bf5
15. Rad1 Qe7 16. Na4 g5 17. h3 h5 18. c4 Rad8 19. cxd5 cxd5 20. Rc1 g4 21. hxg4
hxg4 22. Nh2 Qh4 23. Rxc7 g3 24. fxg3 Qxg3 25. Re2 Ng5 26. e6 Nxe6 27. Rxe6
Bxe6 28. Nf1 Qg5 29. Kf2 Rf7 30. Rc3 Rg7 31. g3 Rf8 32. Ke1 Re7 33. Kd1 Bg4+
34. Kc2 Re2+ 35. Kb3 Rb8+ 36. Ka3 Qe7+ 37. Rc5 Be6 38. gxf4 Re4 39. Qg1+ Kf8
40. Nd2 Rxa4+ 41. Kxa4 Qd7+ 42. Ka3 Qb7 43. b3 Qb4+ 44. Kb2 Qxd2+ 45. Rc2 Qa5
46. Qg6 Qb6 47. Qh6+ Kf7 48. Rc7+ Qxc7 49. Qh7+ Ke8 50. Qxc7 Rd8 51. Qe5 Kd7
52. f5 Bf7 53. Qd4 Ke8 54. Qxa7 d4 55. f6 1-0

[Event "Int.Vellmar 9th op B"]
[Site "Vellmar"]
[Date "2017.07.15"]
[Round "5.4"]
[White "Calci, Fiorino"]
[Black "Lutz, Adam"]
[Result "0-1"]
[WhiteElo "1847"]
[BlackElo "1751"]
[PlyCount "86"]
[EventDate "2017.07.13"]
[EventType "swiss"]
[EventRounds "7"]
[EventCountry "GER"]

1. d4 d5 2. Nf3 Nf6 3. Bf4 c5 4. e3 Nc6 5. c3 Bg4 6. Nbd2 e6 7. h3 Bh5 8. Bd3
Qb6 9. Qc1 Rc8 10. O-O Be7 11. Re1 O-O 12. b3 cxd4 13. exd4 Nb4 14. Bb1 Bg6 15.
Bxg6 hxg6 16. Ne5 Bd6 17. Re3 Qc7 18. Qb2 Nc6 19. Rae1 Ne7 20. c4 b6 21. c5
bxc5 22. dxc5 Qxc5 23. Nd3 Qb6 24. Bxd6 Qxd6 25. Nf3 Ne4 26. Nde5 Rc7 27. b4
Rfc8 28. R3e2 Rb8 29. a3 a5 30. Nd3 Qa6 31. Nde5 Qb5 32. Nd4 Qb6 33. Re3 axb4
34. Rb3 Qd6 35. Nd3 Rc4 36. Nxb4 Qc5 37. Nd3 Rxb3 38. Nxb3 Qb6 39. Ne5 Rc3 40.
Rb1 Qc7 41. Nf3 Rc2 42. Qd4 Rxf2 43. Rb2 Nf5 0-1

[Event "Int.Vellmar 9th op B"]
[Site "Vellmar"]
[Date "2017.07.15"]
[Round "5.5"]
[White "Ziegenfuss, Larissa"]
[Black "Rueggeberg, Jan"]
[Result "1/2-1/2"]
[WhiteElo "1673"]
[BlackElo "1845"]
[PlyCount "77"]
[EventDate "2017.07.13"]
[EventType "swiss"]
[EventRounds "7"]
[EventCountry "GER"]

1. e4 Nc6 2. Nf3 e6 3. Nc3 Bb4 4. a3 Bxc3 5. dxc3 Nge7 6. Bd3 h6 7. O-O b6 8.
Nd4 Bb7 9. Qg4 Ng6 10. f4 h5 11. Qg3 Qh4 12. Qe3 Qe7 13. f5 Nge5 14. Nxc6 Nxc6
15. Qg3 O-O-O 16. Be3 h4 17. Qf2 f6 18. b4 Ne5 19. h3 Rdg8 20. a4 d5 21. exd5
Bxd5 22. Ba6+ Kb8 23. a5 Nc4 24. axb6 cxb6 25. fxe6 Nxe3 26. Qxe3 Qxe6 27. Qf4+
Qe5 28. Qd4 Rd8 29. Rfe1 Qg3 30. Qf2 Qxc3 31. Qf4+ Qc7 32. Qxc7+ Kxc7 33. Re7+
Rd7 34. Rxd7+ Kxd7 35. Bb5+ Kd6 36. Rxa7 g5 37. Ra6 Kc7 38. Ra7+ Kd6 39. Ra6
1/2-1/2

[Event "Int.Vellmar 9th op B"]
[Site "Vellmar"]
[Date "2017.07.15"]
[Round "5.6"]
[White "Dinslage, Klaus-Dieter"]
[Black "Hilgert, Viktor"]
[Result "0-1"]
[WhiteElo "1664"]
[BlackElo "1798"]
[PlyCount "70"]
[EventDate "2017.07.13"]
[EventType "swiss"]
[EventRounds "7"]
[EventCountry "GER"]

1. e4 c5 2. Nf3 d6 3. Nc3 Nf6 4. h3 g6 5. Bc4 Bg7 6. d3 O-O 7. O-O Nc6 8. Re1
Nd7 9. Bg5 a6 10. a4 Qe8 11. Qd2 e6 12. Bh6 Nde5 13. Nxe5 dxe5 14. Bxg7 Kxg7
15. Ne2 Qe7 16. Rf1 Bd7 17. a5 Rad8 18. f4 f6 19. Ng3 exf4 20. Rxf4 Ne5 21. Bb3
Bb5 22. Rh4 g5 23. Bxe6 Qxe6 24. Nf5+ Kh8 25. Rh5 Qf7 26. Qe2 c4 27. d4 c3 28.
Qd1 cxb2 29. Rb1 Nc4 30. Qg4 Bd7 31. c3 Bxf5 32. exf5 Rfe8 33. h4 gxh4 34. Qxh4
Re3 35. d5 Rxc3 0-1

[Event "Int.Vellmar 9th op B"]
[Site "Vellmar"]
[Date "2017.07.15"]
[Round "5.8"]
[White "Niemann, Leon"]
[Black "Wuttke, Bodo"]
[Result "0-1"]
[WhiteElo "1548"]
[BlackElo "1735"]
[PlyCount "124"]
[EventDate "2017.07.13"]
[EventType "swiss"]
[EventRounds "7"]
[EventCountry "GER"]

1. e4 e6 2. d4 d5 3. exd5 exd5 4. Bd3 Bd6 5. Nf3 Nf6 6. Bg5 O-O 7. O-O c6 8. c3
Bg4 9. Nbd2 Nbd7 10. h3 Bh5 11. Re1 Qc7 12. Qc2 Bf4 13. Bxf4 Qxf4 14. Re3 Bg6
15. Rae1 Bxd3 16. Qxd3 h6 17. Ne5 Nxe5 18. Rxe5 Nd7 19. R5e3 Qd6 20. Nf3 a6 21.
Ne5 Nxe5 22. Rxe5 g6 23. Re7 Rab8 24. R1e6 Qf4 25. Rxg6+ Kh8 26. Rg4 Qf6 27.
Re5 Rg8 28. Qg3 Rxg4 29. Qxg4 Rg8 30. Qf5 Qxf5 31. Rxf5 Kg7 32. Re5 Kf8 33. g4
f6 34. Re2 Kf7 35. Kg2 h5 36. Kg3 hxg4 37. hxg4 Rh8 38. f4 Rh1 39. Rg2 Kg6 40.
Rh2 Rg1+ 41. Kh4 f5 42. gxf5+ Kxf5 43. Kh3 Rg4 44. Rg2 Rxf4 45. Rg7 b5 46. Rc7
Re4 47. Rxc6 Re2 48. Rxa6 Rxb2 49. Rb6 Rc2 50. Rc6 b4 51. Kh4 Rxc3 52. Ra6 Ke4
53. Kg4 Kxd4 54. Kf4 Ra3 55. Rxa3 bxa3 56. Kf3 Kc3 57. Kf2 Kd2 58. Kf3 d4 59.
Ke4 d3 60. Kd4 Kc2 61. Kc4 d2 62. Kb4 Kb2 0-1

[Event "Int.Vellmar 9th op B"]
[Site "Vellmar"]
[Date "2017.07.15"]
[Round "5.9"]
[White "Gibhardt, Peter"]
[Black "Pichl, Uwe"]
[Result "1-0"]
[WhiteElo "1633"]
[BlackElo "1752"]
[PlyCount "99"]
[EventDate "2017.07.13"]
[EventType "swiss"]
[EventRounds "7"]
[EventCountry "GER"]

1. e4 d6 2. d4 Nf6 3. Nc3 g6 4. Nf3 Bg7 5. Be2 O-O 6. O-O a6 7. h3 b5 8. a3 Bb7
9. e5 Nd5 10. Nxd5 Bxd5 11. a4 b4 12. c4 Bb7 13. exd6 exd6 14. Be3 a5 15. b3
Re8 16. Rc1 Nd7 17. Nh2 Nf6 18. Bf3 Ne4 19. d5 f5 20. Bxe4 Rxe4 21. Re1 Qe7 22.
Bd2 Re8 23. Nf3 h6 24. Rxe4 Qxe4 25. Qe1 Bc8 26. Qxe4 fxe4 27. Re1 Bd7 28. Nh2
h5 29. Nf1 Bf5 30. Ne3 Rb8 31. Nxf5 gxf5 32. Bf4 Kf7 33. g4 Bc3 34. Re2 Rg8 35.
g5 h4 36. f3 exf3 37. Re6 Bd4+ 38. Kf1 Rg6 39. Rxg6 Kxg6 40. Bd2 f4 41. Bxf4
Kf5 42. Bd2 Ke4 43. Be1 Kd3 44. g6 Kc2 45. Bxb4 Kxb3 46. Bxa5 Kxc4 47. Bxc7
Kxd5 48. Bd8 Ke6 49. a5 d5 50. Bb6 1-0

[Event "Int.Vellmar 9th op B"]
[Site "Vellmar"]
[Date "2017.07.15"]
[Round "5.10"]
[White "Meyer, Marcel"]
[Black "Hoke, Joshua Sky"]
[Result "1-0"]
[WhiteElo "1725"]
[BlackElo "1500"]
[PlyCount "49"]
[EventDate "2017.07.13"]
[EventType "swiss"]
[EventRounds "7"]
[EventCountry "GER"]

1. d4 d5 2. c4 e6 3. Nc3 Nf6 4. cxd5 exd5 5. Bg5 Be7 6. e3 c6 7. Bd3 Nbd7 8.
Nf3 O-O 9. Qc2 h6 10. Bh4 Re8 11. O-O Nf8 12. Rab1 Bg4 13. Ne5 Bh5 14. b4 a6
15. a4 Rc8 16. Rfc1 Ng4 17. Bxe7 Rxe7 18. Bf5 Nxe5 19. Bxc8 Qxc8 20. Nxd5 Nf3+
21. gxf3 Qh3 22. Nxe7+ Kh8 23. Qf5 Bg4 24. Qxg4 Qxg4+ 25. fxg4 1-0

[Event "Int.Vellmar 9th op B"]
[Site "Vellmar"]
[Date "2017.07.15"]
[Round "5.11"]
[White "Schulze, Lukas"]
[Black "Schloemer, Andreas"]
[Result "1/2-1/2"]
[WhiteElo "1439"]
[BlackElo "1716"]
[PlyCount "49"]
[EventDate "2017.07.13"]
[EventType "swiss"]
[EventRounds "7"]
[EventCountry "GER"]

1. Nf3 Nf6 2. c4 c5 3. g3 Nc6 4. d4 cxd4 5. Nxd4 g6 6. Bg2 Bg7 7. O-O O-O 8.
Nc3 Nxd4 9. Qxd4 d6 10. Qd3 a6 11. Rd1 Qc7 12. Bf4 Bd7 13. Bg5 Bc6 14. Bxc6
Qxc6 15. Bxf6 Bxf6 16. Nd5 Rfe8 17. Nxf6+ exf6 18. e3 Rad8 19. Qd4 Kg7 20. b3
Qc5 21. Qd5 Qxd5 22. Rxd5 Re5 23. Rad1 Rxd5 24. Rxd5 Kf8 25. Kg2 1/2-1/2

[Event "Int.Vellmar 9th op B"]
[Site "Vellmar"]
[Date "2017.07.15"]
[Round "5.14"]
[White "Jungklaus, Lars"]
[Black "Rother, Wilfried"]
[Result "0-1"]
[WhiteElo "1660"]
[BlackElo "1890"]
[PlyCount "78"]
[EventDate "2017.07.13"]
[EventType "swiss"]
[EventRounds "7"]
[EventCountry "GER"]

1. d4 Nf6 2. c4 d6 3. Nc3 Bf5 4. Bg5 Nbd7 5. e3 c6 6. Bd3 Bxd3 7. Qxd3 Qa5 8.
Nge2 Qxg5 9. O-O Qg6 10. e4 e5 11. f3 Nh5 12. Qe3 Be7 13. Kh1 Bg5 14. Qf2 O-O
15. Rad1 Rad8 16. h4 Be7 17. g4 Nf4 18. Nxf4 exf4 19. Ne2 Qh6 20. h5 Qg5 21.
Rg1 c5 22. dxc5 dxc5 23. Rd5 Qh4+ 24. Qxh4 Bxh4 25. Nxf4 Nb6 26. Rxd8 Rxd8 27.
b3 Bf2 28. Rg2 Be3 29. Nd5 Nxd5 30. exd5 Kf8 31. Rc2 a5 32. Kg2 g5 33. a3 b6
34. a4 Rd6 35. Re2 Bd4 36. Re4 Rf6 37. Kg3 h6 38. Re2 Rf4 39. Re1 Bc3 0-1

[Event "Int.Vellmar 9th op B"]
[Site "Vellmar"]
[Date "2017.07.15"]
[Round "5.15"]
[White "Thiel, Moritz"]
[Black "Rapp, Lukas"]
[Result "1-0"]
[WhiteElo "1785"]
[BlackElo "1652"]
[PlyCount "39"]
[EventDate "2017.07.13"]
[EventType "swiss"]
[EventRounds "7"]
[EventCountry "GER"]

1. e4 c5 2. Nf3 d6 3. d4 cxd4 4. Nxd4 Nf6 5. Nc3 a6 6. Be3 e5 7. Nf3 Be7 8. a4
h6 9. a5 Nbd7 10. Bc4 O-O 11. Qd3 Qc7 12. Nd5 Nxd5 13. Bxd5 Rb8 14. O-O b5 15.
axb6 Nxb6 16. Bb3 Bb7 17. Nd2 Nd7 18. Bc4 a5 19. Qc3 Ra8 {Remis Angebot} 20.
Bxf7+ 1-0

[Event "Int.Vellmar 9th op B"]
[Site "Vellmar"]
[Date "2017.07.15"]
[Round "5.16"]
[White "Niemeyer, Norbert"]
[Black "Mahr, Gero"]
[Result "1/2-1/2"]
[WhiteElo "1651"]
[BlackElo "1739"]
[PlyCount "51"]
[EventDate "2017.07.13"]
[EventType "swiss"]
[EventRounds "7"]
[EventCountry "GER"]

1. e4 e5 2. d4 exd4 3. c3 dxc3 4. Bc4 d6 5. Nxc3 Nc6 6. Nf3 Be7 7. O-O Nf6 8.
Bg5 O-O 9. Rc1 a6 10. Bd3 Bg4 11. h3 Bh5 12. g4 Bg6 13. Nh4 h6 14. Nxg6 fxg6
15. Be3 g5 16. Ne2 Ne5 17. Bb1 Qd7 18. Ng3 g6 19. Qb3+ Kg7 20. Qxb7 Rab8 21.
Qxa6 Nf3+ 22. Kg2 Nh4+ 23. Kg1 Nxg4 24. hxg4 Qxg4 25. Kh2 Nf3+ 26. Kg2 1/2-1/2

[Event "Int.Vellmar 9th op B"]
[Site "Vellmar"]
[Date "2017.07.15"]
[Round "5.17"]
[White "Uecker, Mario"]
[Black "Walkiewicz, Danny"]
[Result "0-1"]
[WhiteElo "1720"]
[BlackElo "1605"]
[PlyCount "118"]
[EventDate "2017.07.13"]
[EventType "swiss"]
[EventRounds "7"]
[EventCountry "GER"]

1. e4 c5 2. Nf3 e6 3. c3 d5 4. exd5 Qxd5 5. Be2 Nf6 6. d4 Be7 7. O-O O-O 8. c4
Qd7 9. Nc3 cxd4 10. Qxd4 Nc6 11. Qxd7 Bxd7 12. h3 Rad8 13. a3 Bc8 14. Be3 b6
15. b4 Bb7 16. Rfd1 Nd7 17. Ra2 Bf6 18. Nb5 Nde5 19. Rad2 Rxd2 20. Rxd2 Ba6 21.
Nd6 Nxf3+ 22. Bxf3 Ne5 23. Be2 Rd8 24. b5 Be7 25. c5 Bxd6 26. Rxd6 Rxd6 27.
cxd6 Bb7 28. f4 Nd7 29. a4 Kf8 30. Bd3 h6 31. g4 Ke8 32. Bd4 f6 33. h4 Kf7 34.
Kf2 Bd5 35. Bc2 e5 36. fxe5 fxe5 37. Bb2 Ke6 38. Ba3 Nc5 39. d7 Kxd7 40. Bb2
Kd6 41. Bc1 Bb3 42. Bxb3 Nxb3 43. Ba3+ Nc5 44. Ke3 Kd5 45. h5 Kc4 46. Bb2 Kd5
47. Ba3 Kc4 48. Bb2 Nd7 49. Ke4 Kb3 50. Bxe5 Nxe5 51. Kxe5 Kxa4 52. Kf5 Kxb5
53. Kg6 a5 54. Kxg7 a4 55. g5 a3 56. gxh6 a2 57. h7 a1=Q+ 58. Kg8 Qg1+ 59. Kh8
Qg5 0-1

[Event "Int.Vellmar 9th op B"]
[Site "Vellmar"]
[Date "2017.07.15"]
[Round "5.18"]
[White "Bakiev, Diyor"]
[Black "Meyer, Thomas"]
[Result "1-0"]
[WhiteElo "1610"]
[BlackElo "1710"]
[PlyCount "109"]
[EventDate "2017.07.13"]
[EventType "swiss"]
[EventRounds "7"]
[EventCountry "GER"]

1. e4 e6 2. d4 d5 3. e5 c5 4. c3 Nc6 5. Nf3 Nh6 6. Bd3 cxd4 7. cxd4 Nf5 8. Bxf5
exf5 9. O-O Be6 10. Bg5 Be7 11. Bxe7 Qxe7 12. Nc3 a6 13. Na4 Rc8 14. Rc1 O-O
15. Nc3 g5 16. Kh1 g4 17. Ng1 Qh4 18. g3 Qh6 19. Nge2 f6 20. exf6 Qxf6 21. Re1
Rfe8 22. Qd2 Re7 23. Nf4 Nxd4 24. Ncxd5 Bxd5+ 25. Nxd5 Rxe1+ 26. Rxe1 Qc6 27.
Qxd4 Rd8 28. Rd1 Kf7 29. Kg1 Qd6 30. Qd3 Qe6 31. Qb3 b5 32. Qd3 Rd6 33. f3 h5
34. fxg4 hxg4 35. Qb3 Kg8 36. Ne3 Qxb3 37. axb3 Rf6 38. Rd5 Rc6 39. Rxf5 Rc1+
40. Rf1 Rc5 41. Nxg4 Kg7 42. Ne3 Re5 43. Kf2 Kg6 44. Kf3 Re6 45. g4 Kg5 46. Nf5
Rc6 47. h4+ Kf6 48. Rf2 Rc8 49. Rd2 Rc7 50. Kf4 Rc1 51. Rf2 Rd1 52. h5 Rd3 53.
g5+ Kf7 54. Ke5 Rxb3 55. Nd4+ 1-0

[Event "Int.Vellmar 9th op B"]
[Site "Vellmar"]
[Date "2017.07.15"]
[Round "5.19"]
[White "Bastian, Ben"]
[Black "Moderow, Ramon"]
[Result "0-1"]
[WhiteElo "1705"]
[BlackElo "1421"]
[PlyCount "48"]
[EventDate "2017.07.13"]
[EventType "swiss"]
[EventRounds "7"]
[EventCountry "GER"]

1. d4 d5 2. c4 e6 3. Nc3 Nf6 4. Bg5 Bb4 5. Qb3 Bxc3+ 6. bxc3 dxc4 7. Qxc4 Nc6
8. e3 O-O 9. Bd3 h6 10. Bh4 Qd5 11. Bxf6 Qxg2 12. O-O-O Qxh1 13. Bh4 Qxh2 14.
Nf3 Qd6 15. Qb3 Qd5 16. Qc2 Qxf3 17. Rg1 f5 18. Qd2 Qh5 19. Bg3 Qf7 20. Bf4 Kh8
21. Be2 Re8 22. Qd1 e5 23. Bh5 Qxa2 24. Bxe5 Qa1+ 0-1

[Event "Int.Vellmar 9th op B"]
[Site "Vellmar"]
[Date "2017.07.15"]
[Round "5.20"]
[White "Schaefer, Gerhard"]
[Black "Hahnenstein, Leon"]
[Result "1-0"]
[WhiteElo "1695"]
[BlackElo "1401"]
[PlyCount "87"]
[EventDate "2017.07.13"]
[EventType "swiss"]
[EventRounds "7"]
[EventCountry "GER"]

1. d4 d5 2. Bf4 Bf5 3. Nf3 Nc6 4. e3 e6 5. c3 Bd6 6. Bg3 Nf6 7. Nbd2 O-O 8. Nh4
Ne7 9. Be2 Bg6 10. O-O Bxg3 11. hxg3 Qd6 12. Rc1 Rac8 13. Nxg6 Nxg6 14. Bd3 Ne7
15. e4 dxe4 16. Nxe4 Nxe4 17. Bxe4 Qb6 18. Qe2 c6 19. f4 f5 20. Bd3 Rf6 21. Bc4
c5 22. Rcd1 Nd5 23. Rfe1 Kf8 {Remis Angebot} 24. Qf2 Rg6 25. Re5 Qd6 26. Qe2
Qc6 27. Bxd5 exd5 28. Rxf5+ Kg8 29. Qf2 c4 30. Re1 Rd8 31. Qf3 Qb5 32. Re2 Qd7
33. Rfe5 Rd6 {Remis Angebot} 34. Qh5 Rg6 35. f5 Rf6 36. Qg4 g6 37. Qg5 Rdf8 38.
g4 Kh8 39. Re7 Qa4 40. Qh6 R6f7 41. f6 Qc6 42. g5 a6 43. Rf2 Qa4 44. Qg7+ 1-0

[Event "Int.Vellmar 9th op B"]
[Site "Vellmar"]
[Date "2017.07.15"]
[Round "5.22"]
[White "Spinnler, Wolfgang"]
[Black "Schilling, Dietmar"]
[Result "0-1"]
[WhiteElo "1604"]
[BlackElo "1872"]
[PlyCount "86"]
[EventDate "2017.07.13"]
[EventType "swiss"]
[EventRounds "7"]
[EventCountry "GER"]

1. Nf3 d5 2. g3 Nf6 3. c4 e6 4. b3 c5 5. cxd5 exd5 6. Bb2 Be6 7. Ng5 Nc6 8.
Nxe6 fxe6 9. Bg2 Bd6 10. O-O O-O 11. d3 Rc8 12. Nd2 Be5 13. Bxe5 Nxe5 14. Nf3
Qd6 15. Nxe5 Qxe5 16. Rc1 b6 17. e3 Rc7 18. Qd2 Qd6 19. Rc2 e5 20. h3 d4 21.
Rfc1 a5 22. Qe2 Rd7 23. e4 Rdf7 24. Rf1 h6 25. Kh2 Nh7 26. Qg4 Ng5 27. Qe2 Nf3+
28. Bxf3 Rxf3 29. Kg2 Qf6 30. Rd2 h5 31. h4 Kh7 32. Qe1 Qe6 33. Rh1 g6 34. Qg1
Qg4 35. Qh2 Rxd3 36. Rhd1 Qxe4+ 37. Kg1 Rxd2 38. Rf1 Rxa2 39. Qh3 Qf5 40. Qg2
e4 41. Re1 Rxf2 42. Qxe4 Qxe4 43. Rxe4 Rf1+ 0-1

[Event "Int.Vellmar 9th op B"]
[Site "Vellmar"]
[Date "2017.07.15"]
[Round "5.23"]
[White "Kirchner, Stefan"]
[Black "Michels, Fabio"]
[Result "0-1"]
[WhiteElo "1550"]
[BlackElo "1787"]
[PlyCount "72"]
[EventDate "2017.07.13"]
[EventType "swiss"]
[EventRounds "7"]
[EventCountry "GER"]

1. e4 c5 2. Nf3 g6 3. d4 cxd4 4. Nxd4 Bg7 5. c4 Nc6 6. Be3 Nf6 7. f3 e6 8. Nc3
d5 9. Nc2 dxe4 10. Qxd8+ Nxd8 11. Nb5 O-O 12. Bc5 exf3 13. Nc7 fxg2 14. Bxg2
Rb8 15. Bxa7 Nd7 16. O-O-O Nc6 17. Bxc6 bxc6 18. Bxb8 Nxb8 19. Na8 Nd7 20. Nb4
c5 21. Nc6 Bb7 22. Ne7+ Kh8 23. Rhf1 Ne5 24. Nc7 Bh6+ 25. Kb1 Bg5 26. Nxe6 Bxe7
27. Nxf8 Bxf8 28. b3 {Remis Angebot} Be4+ 29. Kb2 Nd3+ 30. Ka3 f5 31. h3 Kg8
32. Rg1 Bd6 33. Rd2 Bf4 34. Re2 Be5 35. h4 Bc3 36. h5 Bb4+ 0-1

[Event "Int.Vellmar 9th op B"]
[Site "Vellmar"]
[Date "2017.07.15"]
[Round "5.24"]
[White "Becker, Ralph"]
[Black "Cress, Bastian"]
[Result "1/2-1/2"]
[WhiteElo "1776"]
[BlackElo "1599"]
[PlyCount "96"]
[EventDate "2017.07.13"]
[EventType "swiss"]
[EventRounds "7"]
[EventCountry "GER"]

1. Nf3 Nf6 2. c4 g6 3. Nc3 Bg7 4. e4 d6 5. d4 O-O 6. Be2 Nbd7 7. Qc2 h6 8. O-O
e5 9. d5 a5 10. Na4 b6 11. Nd2 Nc5 12. Nxc5 bxc5 13. Rb1 Nh7 14. a3 a4 15. b4
axb3 16. Nxb3 f5 17. f3 f4 18. a4 g5 19. Bd2 h5 20. Rb2 g4 21. Rfb1 gxf3 22.
Bxf3 Bg4 23. Ba5 Bxf3 24. gxf3 Ng5 25. Qg2 Ra7 26. Kh1 Qe7 27. Rg1 Nh7 28. Qg6
Qf7 29. Rbg2 Qxg6 30. Rxg6 Rf7 31. Ra1 Rf8 32. Rag1 Rf7 {Remis Angebot} 33. Re6
Rf6 34. Re7 Rf7 35. Rxf7 Kxf7 36. Ra1 Ke7 37. Be1 Kd7 38. a5 Ra6 39. Kg2 Bf6
40. Bf2 Be7 41. Rg1 c6 42. dxc6+ Kxc6 43. Kf1 Ng5 44. Bh4 Nxf3 45. Bxe7 Nxg1
46. Kxg1 Ra8 47. Kf1 Rb8 48. Nd2 Ra8 1/2-1/2

[Event "Int.Vellmar 9th op B"]
[Site "Vellmar"]
[Date "2017.07.15"]
[Round "5.25"]
[White "Seeber, Helmut"]
[Black "Mastmeyer, Lars Quentin"]
[Result "1-0"]
[WhiteElo "1562"]
[BlackElo "1724"]
[PlyCount "175"]
[EventDate "2017.07.13"]
[EventType "swiss"]
[EventRounds "7"]
[EventCountry "GER"]

1. e4 e6 2. d4 d5 3. Nd2 Nf6 4. e5 Nfd7 5. f4 c5 6. c3 Nc6 7. Ndf3 Qb6 8. Ne2
Be7 9. g3 Qc7 10. Bh3 b5 11. a3 c4 12. O-O Nb6 13. g4 g6 14. Kh1 a5 15. f5 f6
16. Bf4 Qb7 17. exf6 Bxf6 18. Bg5 Bxg5 19. Nxg5 Qe7 20. f6 Qd6 21. f7+ Ke7 22.
f8=Q+ Rxf8 23. Rxf8 Kxf8 24. Qf1+ Ke7 25. Qf7+ Kd8 26. Rf1 Ra7 27. Qxa7 Nxa7
28. Nf7+ Ke7 29. Nxd6 Kxd6 30. Rf7 Nc6 31. Rxh7 e5 32. dxe5+ Kxe5 33. g5 Bxh3
34. Rxh3 Kf5 35. Rg3 Na4 36. Rg2 Ke5 37. Ng3 d4 38. cxd4+ Nxd4 39. h4 c3 40.
bxc3 Nxc3 41. h5 gxh5 42. Nxh5 Nd5 43. g6 Ne7 44. g7 Ng8 45. Rg5+ Ke4 46. Rc5
Ne7 47. Nf6+ Kd3 48. Rc7 Ndf5 49. Kg1 b4 50. axb4 axb4 51. Rb7 Kc4 52. Kf2 b3
53. Ke1 Ng8 54. Nxg8 Kc3 55. Kd1 b2 56. Nf6 Nxg7 57. Rc7+ Kb3 58. Rb7+ Kc3 59.
Ne4+ Kd4 60. Kc2 Nf5 61. Rb4+ Ke3 62. Kxb2 Nd4 63. Nf6 Nc6 64. Re4+ Kd3 65. Rh4
Ne5 66. Nd5 Nc4+ 67. Kc1 Na5 68. Kb2 Nc4+ 69. Kb3 Na5+ 70. Kb4 Nb7 71. Rh6 Kd4
72. Nf4 Ke4 73. Nh5 Ke5 74. Kb5 Nd6+ 75. Kc6 Ne4 76. Ng7 Kd4 77. Rh4 Ke5 78.
Ne6 Nf6 79. Nc5 Kf5 80. Kd6 Ng4 81. Ne6 Nf6 82. Rf4+ Kg6 83. Rf1 Ne4+ 84. Ke5
Nc3 85. Rg1+ Kh5 86. Kf5 Kh4 87. Nf4 Ne4 88. Rg4# 1-0

[Event "Int.Vellmar 9th op B"]
[Site "Vellmar"]
[Date "2017.07.15"]
[Round "5.26"]
[White "Homann, Christoph"]
[Black "Toma, Yanis"]
[Result "1-0"]
[WhiteElo "1699"]
[BlackElo "1538"]
[PlyCount "63"]
[EventDate "2017.07.13"]
[EventType "swiss"]
[EventRounds "7"]
[EventCountry "GER"]

1. d4 Nf6 2. c4 e6 3. Nc3 d5 4. cxd5 exd5 5. Bg5 Be7 6. e3 O-O 7. Bd3 Nbd7 8.
Nge2 c6 9. O-O Re8 10. f3 Nb6 11. Rc1 Be6 12. Qc2 h6 13. Bh4 Rc8 14. Na4 Nfd7
15. Bf2 Bd6 16. Nc5 Qc7 {Remis Angebot} 17. Bg3 Bxg3 18. Nxg3 Nxc5 19. Qxc5 Nd7
20. Qc3 Nb6 21. b3 Qe7 22. e4 Red8 23. a4 Qd7 24. e5 Qe7 25. f4 Bd7 26. f5 Qg5
27. Bb1 Rf8 28. Qd3 Rc7 29. e6 Be8 30. f6 fxe6 31. Qh7+ Kf7 32. fxg7+ 1-0

[Event "Int.Vellmar 9th op B"]
[Site "Vellmar"]
[Date "2017.07.15"]
[Round "5.28"]
[White "Naujocks, Christian"]
[Black "Mihailovic, Slobodan"]
[Result "1-0"]
[WhiteElo "1673"]
[BlackElo "1271"]
[PlyCount "93"]
[EventDate "2017.07.13"]
[EventType "swiss"]
[EventRounds "7"]
[EventCountry "GER"]

1. e4 a6 2. d4 b5 3. Nf3 Bb7 4. Bd3 g6 5. O-O e6 6. Be3 Bg7 7. Nbd2 Ne7 8. Re1
O-O 9. c4 c6 10. Nb3 d6 11. Qc2 Nd7 12. Rac1 Rc8 13. Qd2 Ba8 14. Bh6 Nf6 15.
Qg5 Kh8 16. Qh4 Neg8 17. Bxg7+ Kxg7 18. Ng5 Nh6 19. Re3 Nfg8 20. Rh3 Qe7 21. e5
Rfd8 22. Rd1 Kf8 23. Nxh7+ Ke8 24. Nf6+ Kf8 25. Nxg8 Qxh4 26. Rxh4 Nxg8 27. Rf4
Ke7 28. exd6+ Rxd6 29. Nc5 a5 30. Re1 Nh6 31. g4 Rcd8 32. g5 Nf5 33. Bxf5 gxf5
34. Rxf5 Rxd4 35. f4 Rd1 36. Rfe5 Rxe1+ 37. Rxe1 bxc4 38. g6 Rg8 39. f5 Kf6 40.
fxe6 Rxg6+ 41. Kf2 fxe6 42. Rxe6+ Kg7 43. Re8 Rf6+ 44. Ke3 Rf8 45. Ne6+ Kf7 46.
Rxf8+ Kxe6 47. Rxa8 1-0

[Event "Int.Vellmar 9th op B"]
[Site "Vellmar"]
[Date "2017.07.15"]
[Round "5.29"]
[White "Haack, Kevin"]
[Black "Warter, Simon"]
[Result "1-0"]
[WhiteElo "1667"]
[BlackElo "1357"]
[PlyCount "44"]
[EventDate "2017.07.13"]
[EventType "swiss"]
[EventRounds "7"]
[EventCountry "GER"]

1. e4 e5 2. Nf3 Nc6 3. d4 exd4 4. c3 dxc3 5. Nxc3 Bb4 6. Bc4 Nf6 7. e5 Ne4 8.
Qd5 O-O 9. Qxe4 Re8 10. Qf4 d5 11. Bb3 Nxe5 12. Nxe5 f6 13. O-O Rxe5 14. Qxb4
a5 15. Qd4 c6 16. Bf4 Re8 17. Rfe1 Rxe1+ 18. Rxe1 Bf5 19. Nxd5 cxd5 20. Qxd5+
Kh8 21. Qxf5 Qe8 22. Rxe8+ Rxe8 1-0

[Event "Int.Vellmar 9th op B"]
[Site "Vellmar"]
[Date "2017.07.15"]
[Round "5.31"]
[White "Kaeding, Wolfgang"]
[Black "Thede, Stefan"]
[Result "1-0"]
[WhiteElo "1527"]
[BlackElo "1661"]
[PlyCount "85"]
[EventDate "2017.07.13"]
[EventType "swiss"]
[EventRounds "7"]
[EventCountry "GER"]

1. e4 d6 2. d4 Nf6 3. Nc3 g6 4. Nf3 Bg7 5. Be2 O-O 6. O-O c6 7. Be3 Qc7 8. Nh4
b5 9. b4 a5 10. a3 axb4 11. axb4 Rxa1 12. Qxa1 Re8 13. f4 Ng4 14. Bxg4 Bxg4 15.
h3 Be6 16. Qe1 Bc4 17. Rf2 Na6 18. Ne2 f6 19. c3 c5 20. dxc5 dxc5 21. Bxc5 Nxc5
22. bxc5 Qxc5 23. Kh1 Qe3 24. f5 g5 25. Nf3 Qxe4 26. Nd2 Qd5 27. Rf3 e6 28. Re3
e5 29. Nxc4 bxc4 30. Ng3 Kf7 31. Re4 Ra8 32. Qe2 Ra1+ 33. Kh2 Qd3 34. Qb2 Qd1
35. Qb7+ Kg8 36. Nh5 Qxh5 37. Rxc4 Qf7 38. Rc7 Rb1 39. Rxf7 Rxb7 40. Rxb7 Bf8
41. Kg3 h5 42. Kf3 Bc5 43. Ke4 1-0

[Event "Int.Vellmar 9th op B"]
[Site "Vellmar"]
[Date "2017.07.15"]
[Round "5.32"]
[White "Pomrehn, Ole Magnus"]
[Black "Lorch, Alexander"]
[Result "1/2-1/2"]
[WhiteElo "1472"]
[BlackElo "1658"]
[PlyCount "72"]
[EventDate "2017.07.13"]
[EventType "swiss"]
[EventRounds "7"]
[EventCountry "GER"]

1. d4 Nf6 2. Nf3 g6 3. c3 Bg7 4. Bg5 h6 5. Bh4 d6 6. Nbd2 O-O 7. e4 Nbd7 8. Bd3
c5 9. d5 Re8 10. O-O g5 11. Bg3 Nh5 12. Nc4 Nxg3 13. hxg3 Ne5 14. Nfxe5 dxe5
15. Qe2 Qd7 16. Ne3 a6 17. Rad1 Qc7 18. Rd2 Bd7 19. a3 b5 20. Rfd1 Rad8 21. Bc2
Qd6 22. Qf3 Rf8 23. Nf5 Bxf5 24. Qxf5 f6 25. g4 Rf7 26. Qe6 Kf8 27. Qxd6 exd6
28. a4 Rb8 29. axb5 axb5 30. Ra1 Rfb7 31. Rdd1 Ke7 32. Ra6 Bf8 33. Rda1 Kd8 34.
Kf1 Kc8 35. Rc6+ Kd7 36. Rca6 Kc7 1/2-1/2